बिटिया है विशेष / (Record no. 26318)

MARC details
000 -LEADER
fixed length control field 01411nam a22003017a 4500
005 - DATE AND TIME OF LATEST TRANSACTION
control field 20180605111438.0
008 - FIXED-LENGTH DATA ELEMENTS--GENERAL INFORMATION
fixed length control field 090513t xxu||||| |||| 00| 0 hin d
010 ## - LCCN (DPL NO)
LC control number HIN-86456
020 ## - INTERNATIONAL STANDARD BOOK NUMBER
International Standard Book Number 9788171381784
Terms of availability 200.00
035 ## - SYSTEM CONTROL NUMBER
System control number HN-58802
035 ## - SYSTEM CONTROL NUMBER
System control number B-352324-332
037 ## - SOURCE OF ACQUISITION
Source of stock number/acquisition DBAD / PUB
037 ## - SOURCE OF ACQUISITION
Source of stock number/acquisition सामयिक प्रकाशन
040 ## - CATALOGING SOURCE
Original cataloging agency dpl
Language of cataloging hn
082 ## - DEWEY DECIMAL CLASSIFICATION NUMBER
Classification number 808.86
100 ## - MAIN ENTRY--PERSONAL NAME
Personal name सिन्हा, मृदुला
245 ## - TITLE STATEMENT
Title बिटिया है विशेष /
Statement of responsibility, etc मृदुला सिन्हा
246 ## - VARYING FORM OF TITLE
Title proper/short title Bitia Hai Vishesh
Remainder of title by Mridula Sinha
260 ## - PUBLICATION, DISTRIBUTION, ETC. (IMPRINT)
Place of publication, distribution, etc नई दिल्ली
Name of publisher, distributor, etc सामयिक प्रकाशन
Date of publication, distribution, etc 2009
270 ## - ADDRESS
Address 3320-21, जटवाड़ा, नेताजी सुभाष मार्ग दरियागंज,
City नई दिल्ली
Postal code 110002
Telephone number 011-23282733, 09868934715, 09811607086
Fax number 23270715
Electronic mail address samayikprakashan@rediffmail.com
300 ## - PHYSICAL DESCRIPTION
Extent 144 पृ.
Dimensions 22सेमी (सजिल्द)
600 ## - SUBJECT ADDED ENTRY--PERSONAL NAME
Personal name सिन्हा, मृदुला
Chronological subdivision पत्राचार
600 ## - SUBJECT ADDED ENTRY--PERSONAL NAME
Personal name Sinha, Mridula
Chronological subdivision Correspondence
650 ## - SUBJECT ADDED ENTRY--TOPICAL TERM
Topical term or geographic name as entry element पुत्री
650 ## - SUBJECT ADDED ENTRY--TOPICAL TERM
Topical term or geographic name as entry element Daughter
942 ## - ADDED ENTRY ELEMENTS (KOHA)
Source of classification or shelving scheme Dewey Decimal Classification
Item type Hindi Books
Call number suffix सिन्हामृ
Classification part 808.86
Holdings
Withdrawn status Lost status Source of classification or shelving scheme Damaged status Not for loan Home library Current library Date acquired Source of acquisition Cost, normal purchase price Total Checkouts Full call number Barcode Date last seen Copy number Cost, replacement price Koha item type Collection code Total Renewals
    Dewey Decimal Classification     Bawana Bawana 02/02/2010 1001(1)/20.07.09/95/11.07.09/29.07.09 200.00 3 808.86 सिन्हामृ B-352331 20/04/2019 1 200.00 Hindi Books Non-fiction  
    Dewey Decimal Classification     Central Library Central Library 02/02/2010 1001(1)/20.07.09/95/11.07.09/29.07.09 200.00 1 808.86 सिन्हामृ B-352324 02/11/2018 1 200.00 Hindi Books Non-fiction  
    Dewey Decimal Classification   Not For Loan D.B.Act.Division D.B.Act.Division 13/05/2009 DBAD / PUB 200.00   808.86 सिन्हामृ HN-58802 13/05/2009 1 200.00 Hindi Books    
    Dewey Decimal Classification     Janak Puri Janak Puri 02/02/2010 1001(1)/20.07.09/95/11.07.09/29.07.09 200.00 18 808.86 सिन्हामृ B-352328 13/09/2018 1 200.00 Hindi Books Non-fiction 1
    Dewey Decimal Classification     Mobile Library Mobile Library 02/02/2010 1001(1)/20.07.09/95/11.07.09/29.07.09 200.00   808.86 सिन्हामृ B-352325 02/02/2010 2 200.00 Hindi Books Non-fiction  
    Dewey Decimal Classification     Mobile Library Mobile Library 02/02/2010 1001(1)/20.07.09/95/11.07.09/29.07.09 200.00   808.86 सिन्हामृ B-352326 02/02/2010 2 200.00 Hindi Books Non-fiction  
    Dewey Decimal Classification     Patel Nagar Patel Nagar 02/02/2010 1001(1)/20.07.09/95/11.07.09/29.07.09 200.00 1 808.86 सिन्हामृ B-352327 20/09/2018 1 200.00 Hindi Books Non-fiction  
    Dewey Decimal Classification     Sarojini Nagar Sarojini Nagar 02/02/2010 1001(1)/20.07.09/95/11.07.09/29.07.09 200.00 1 808.86 सिन्हामृ B-352329 20/02/2020 1 200.00 Hindi Books Non-fiction  
    Dewey Decimal Classification     Shahdara Branch Shahdara Branch 02/02/2010 1001(1)/20.07.09/95/11.07.09/29.07.09 200.00   808.86 सिन्हामृ B-352332 02/02/2010 1 200.00 Hindi Books Non-fiction  
    Dewey Decimal Classification     Vinoba Puri Vinoba Puri 02/02/2010 1001(1)/20.07.09/95/11.07.09/29.07.09 200.00 5 808.86 सिन्हामृ B-352330 23/11/2017 1 200.00 Hindi Books Non-fiction  

© Delhi Public Library
Hit Counter
free hit counter